Statistics for Eurovision 2019 Songs by Picture

Click here to take the quiz!

General Stats

  • This quiz has been taken 147 times
    (104 since last reset)
  • The average score is 7 of 12

Answer Stats

Answer % Correct
Tulia - "Fire of Love/Pali się (Poland)
91%
Michela Pace - Chameleon (Malta)
90%
Bilal Hassani - Roi (France)
88%
Roko - The Dream (Croatia)
84%
Leonora - Love Is Forever (Denmark)
73%
Duncan Laurence - Arcade (Netherlands)
65%
Mahmood - Soldi (Italy)
58%
Hatari - Hatrið mun sigra (Iceland)
57%
Kate Miller-Heidke - Zero Gravity (Australia)
38%
Katerine Duska - Better Love (Greece)
36%
Miki - La Venda (Spain)
34%
Chingiz - Truth (Azerbaijan)
32%

Score Distribution

Percentile by Number Answered

Percent of People with Each Score

Your Score History

You have not taken this quiz since the last reset